| 000 | 00403nam a22001337a 4500 | ||
|---|---|---|---|
| 008 | 220610b |||||||| |||| 00| 0 eng d | ||
| 020 | _a9789514108853 | ||
| 082 | _a235.2 VAL 2001 | ||
| 100 | _aValk, Ülo | ||
| 245 | _aThe black gentleman : manifestations of the devil in Estonian folk religion | ||
| 260 |
_aHelsinki : _bSuomalainen tiedeakatemia, _c 2001. |
||
| 300 |
_a217 p. _c23 cm. |
||
| 942 | _2ddc | ||
| 999 |
_c9015 _d9016 |
||